| 000 -LEADER |
| fixed length control field |
01021nam a22002297a 4500 |
| 003 - CONTROL NUMBER IDENTIFIER |
| control field |
OSt |
| 005 - DATE AND TIME OF LATEST TRANSACTION |
| control field |
20210419082251.0 |
| 008 - FIXED-LENGTH DATA ELEMENTS--GENERAL INFORMATION |
| fixed length control field |
201120s2013 ||||| |||| 00| 0 geo d |
| 020 ## - INTERNATIONAL STANDARD BOOK NUMBER |
| International Standard Book Number |
9789941910708 |
| 040 ## - CATALOGING SOURCE |
| Original cataloging agency |
geo |
| Language of cataloging |
eng |
| Transcribing agency |
DLC |
| 041 ## - LANGUAGE CODE |
| Language code of text/sound track or separate title |
geo |
| 080 ## - UNIVERSAL DECIMAL CLASSIFICATION NUMBER |
| Universal Decimal Classification number |
811.353.1 |
| Item number |
შ-15 |
| 100 ## - MAIN ENTRY--PERSONAL NAME |
| 9 (RLIN) |
224 |
| Personal name |
ნანა შავთვალაძე / Shavtvaladze Nana |
| 245 ## - TITLE STATEMENT |
| Title |
ბილიკი / Biliki ; ქართული ენა ინგლისურენოვანთათვის / Georgian Language for English Speakers |
| Remainder of title |
: დონე მეორე / Level 2 ; სტუდენტის წიგნი / Student Book |
| Statement of responsibility, etc. |
/ by : ენის სკოლა / Language School |
| 250 ## - EDITION STATEMENT |
| Edition statement |
2nd edition |
| 260 ## - PUBLICATION, DISTRIBUTION, ETC. |
| Place of publication, distribution, etc. |
თბილისი / თბილისი |
| Name of publisher, distributor, etc. |
ენის სკოლა / Language School |
| Date of publication, distribution, etc. |
2013 |
| 300 ## - PHYSICAL DESCRIPTION |
| Extent |
253 p. ill |
| Other physical details |
1 CD |
| 490 ## - SERIES STATEMENT |
| Materials specified |
ბილიკი / Biliki |
| 650 #0 - SUBJECT ADDED ENTRY--TOPICAL TERM |
| 9 (RLIN) |
225 |
| Topical term or geographic name entry element |
Georgian Language |
| 653 ## - INDEX TERM--UNCONTROLLED |
| Uncontrolled term |
ქართული ენა |
| 942 ## - ADDED ENTRY ELEMENTS (KOHA) |
| Source of classification or shelving scheme |
|
| Koha item type |
Books |
| Edition |
2 |